00344 a2200109 4500001001000000005001700010008004100027245004800068100002400116773007700140999001700217ART_1354820260410161910.0260409a 10aTecnología para el sector informal urbano1 aTokman, Víctor E.0 tDemografía y economíag- Vol. XII, Nº 35 (mayo/ago. 1978)wREV13200 c26732d26732